Sanoja Maiden Nimissä - Suomi-versio 2# - Statistics

Yleistilastot
  • Tätä visaa on pelattu 534 kertaa
  • Keskiarvotulos 10 / 16
Vastaustilastot
Sana Maa % Oikein
peru Peru
94%
veitsi Sveitsi
93%
jama Jamaika
92%
rokko Marokko
88%
nami Namibia
83%
pore Singapore
79%
luu Norsunluurannikko
74%
vene Venezuela
72%
lanko Alankomaat
64%
valu Tuvalu
62%
kari Unkari
53%
saaja Päiväntasaajan Guinea
41%
salo Salomonsaaret
41%
apu Papua-Uusi-Guinea
32%
halli Marshallinsaaret
31%
alla Yhdysvallat
13%
Ehtoja vastaavia visoja ei löytynyt
Tulosjakauma
Jokaisen tuloksen saaneiden osuus
Persentiili vastausten määrän mukaan
Tuloshistoriasi
Et ole pelannut tätä visaa